|
|
|
|
| LEADER |
00000nam0a2200000 4500 |
| 001 |
263489 |
| 005 |
20231101233738.0 |
| 010 |
|
|
|a 9785991648431
|
| 035 |
|
|
|a (RuTPU)RU\TPU\book\286474
|
| 090 |
|
|
|a 263489
|
| 100 |
|
|
|a 20140609d2015 m y0rusy50 ca
|
| 101 |
0 |
|
|a rus
|
| 102 |
|
|
|a RU
|
| 105 |
|
|
|a a j 001zy
|
| 200 |
1 |
|
|a Маркетинг инноваций
|e учебник и практикум для академического бакалавриата
|f Санкт-Петербургский государственный университет (СПбГУ) ; под ред. Н. Н. Молчанова
|
| 210 |
|
|
|a Москва
|c Юрайт
|d 2015
|
| 215 |
|
|
|a 528 с.
|c ил.
|
| 225 |
1 |
|
|a Бакалавр. Академический курс
|
| 320 |
|
|
|a Библиография в конце глав.
|
| 330 |
|
|
|a В учебнике предпринимается попытка комплексного изложения инструментария маркетинга инноваций. Рассматриваются новые инструменты маркетинга, условия конкуренции, методы работы с покупателями и партнерами, появившиеся в последнее время. Проблематика маркетинга инноваций рассматривается с позиций информационного детерминизма экономических процессов. Маркетинговый инструментарий дается в рамках самого современного подхода в маркетинге — совместного создания ценности.
|
| 606 |
1 |
|
|a Инновационный маркетинг
|2 stltpush
|3 (RuTPU)RU\TPU\subj\70418
|9 84685
|
| 610 |
1 |
|
|a инновации
|
| 610 |
1 |
|
|a маркетинг
|
| 610 |
1 |
|
|a новые товары
|
| 610 |
1 |
|
|a покупательское поведение
|
| 610 |
1 |
|
|a конкурентоспособность
|
| 610 |
1 |
|
|a конкурентоспособная продукция
|
| 610 |
1 |
|
|a ценообразование
|
| 610 |
1 |
|
|a сбыт
|
| 610 |
1 |
|
|a сервис
|
| 610 |
1 |
|
|a брендинг
|
| 610 |
1 |
|
|a рынок
|
| 610 |
1 |
|
|a продвижение
|
| 610 |
1 |
|
|a упаковка
|
| 610 |
1 |
|
|a интеллектуальная собственность
|
| 610 |
1 |
|
|a инжиниринг
|
| 610 |
1 |
|
|a информационные технологии
|
| 610 |
1 |
|
|a практикумы
|
| 610 |
1 |
|
|a учебники
|
| 686 |
|
|
|a У9(2)0-551я73
|v LBC/SL-A
|2 rubbk
|
| 702 |
|
1 |
|a Молчанов
|b Н. Н.
|g Николай Николаевич
|4 340
|
| 712 |
0 |
2 |
|a Санкт-Петербургский государственный университет (СПбГУ)
|c (1991- )
|2 stltpush
|3 (RuTPU)RU\TPU\col\62
|
| 801 |
|
1 |
|a RU
|b 63413507
|c 20140609
|
| 801 |
|
2 |
|a RU
|b 63413507
|c 20150618
|g RCR
|
| 900 |
|
|
|a Маркетинг
|
| 900 |
|
|
|a Маркетинг в отраслях и сферах деятельности
|
| 900 |
|
|
|a Инновации
|
| 942 |
|
|
|c BK
|
| 951 |
|
|
|l 8.1
|
| 959 |
|
|
|a 102/20140609
|d 2
|e 649,00
|f ЧЗГЛ:1
|f АНЛ:1
|
| 959 |
|
|
|a 6/20150130
|d 3
|e 619,00
|f ЧЗГЛ:1
|f УФ:2
|